Marcatori della Turchia agli Europei - Germania 2024 - Statistics

Statistiche generali
  • Questo quiz è stato fatto 3 volte
  • Il punteggio medio è 2 su 8
Statistiche sulle risposte
Partita Minuto Marcatore % Corretto
Turchia - Georgia 3-1 65' Arda Güler
67%
Repubblica Ceca - Turchia 1-2 51' Hakan Çalhanoğlu
67%
Austria - Turchia 1-2 1' Merih Demiral
33%
Austria - Turchia 1-2 59' Merih Demiral
33%
Turchia - Georgia 3-1 25' Mert Müldür
33%
Repubblica Ceca - Turchia 1-2 94' Cenk Tosun
0%
Turchia - Georgia 3-1 97' Kerem Aktürkoğlu
0%
Paesi Bassi - Turchia 2-1 35' Samet Akaydin
0%
Nessun quiz corrispondente trovato
Distribuzione punteggi
Percentuale di utenti per punteggio
Percentile per numero di risposta
I tuoi punteggi nel tempo
Non hai fatto questo quiz